|
|
|
|
| LEADER |
00000naa2a2200000 4500 |
| 001 |
392858 |
| 005 |
20231101064322.0 |
| 035 |
|
|
|a (RuTPU)RU\TPU\prd\28503
|
| 090 |
|
|
|a 392858
|
| 100 |
|
|
|a 20041004a2004 k y0rusy50 ca
|
| 101 |
0 |
|
|a rus
|
| 102 |
|
|
|a UA
|
| 200 |
1 |
|
|a Влияние давления на теплопроводность полимерных композитов с хаотической структурой
|f В. В. Новиков, Я. Н. Корниенко, А. Н. Пивень и др.
|
| 225 |
1 |
|
|a Приборы и оборудование
|
| 320 |
|
|
|a Библиогр.: 13 назв.
|
| 461 |
|
1 |
|0 (RuTPU)RU\TPU\prd\1029
|x 0235-3482
|t Экотехнологии и ресурсосбережение
|o научно-технический журнал
|f Национальная академия наук Украины (НАНУ) ; Институт газа Украины
|d 1994-2008
|
| 463 |
|
1 |
|0 (RuTPU)RU\TPU\prd\27099
|t № 4
|v С. 77-80
|d 2004
|
| 610 |
1 |
|
|a теплопроводность
|
| 610 |
1 |
|
|a давление
|
| 610 |
1 |
|
|a полимерные композиты
|
| 610 |
1 |
|
|a расчёты
|
| 610 |
1 |
|
|a методы расчётов
|
| 675 |
|
|
|a 536.2
|v 3
|
| 701 |
|
1 |
|a Новиков
|b В. В.
|
| 701 |
|
1 |
|a Корниенко
|b Я. Н.
|
| 701 |
|
1 |
|a Пивень
|b А. Н.
|
| 701 |
|
1 |
|a Жарова
|b О. В.
|
| 701 |
|
1 |
|a Удовенко
|b Л. Н.
|
| 801 |
|
1 |
|a RU
|b 63413507
|c 20041004
|g PSBO
|
| 801 |
|
2 |
|a RU
|b 63413507
|c 20120412
|g RCR
|
| 942 |
|
|
|c BK
|